Aktuálne výzvy skúmania tzv. rasovej otázky a rasizmu

K problému pádu starej paradigmy multikulturalizmu a patovému stavu v humanitných vedách v otázke argumentovania proti rasizmu. Koncepcia rovnoprávnosti ľudí ako jednotlivcov bez ohľadu na ich rasu alebo antropologický typ. Obdobie prehodnocovania postojov rasovej otázky a multikulturalizmu.

Saved in:
Bibliographic Details
Main Author: Šmihula, Daniel
Other Authors: Hrabovský, Milan
Format: Book Chapter
Language:Slovak
Subjects:
Tags: Add Tag
No Tags, Be the first to tag this record!

MARC

LEADER 00000naa a2200000 4500
001 0201890
005 20231211125904.7
041 0 |a slo 
044 |a SK 
245 1 0 |a Aktuálne výzvy skúmania tzv. rasovej otázky a rasizmu  |c Daniel Šmihula, Milan Hrabovský 
520 |a K problému pádu starej paradigmy multikulturalizmu a patovému stavu v humanitných vedách v otázke argumentovania proti rasizmu. Koncepcia rovnoprávnosti ľudí ako jednotlivcov bez ohľadu na ich rasu alebo antropologický typ. Obdobie prehodnocovania postojov rasovej otázky a multikulturalizmu. 
610 2 0 |a spoločnosť postmoderná 
610 2 0 |a humanizmus 
610 2 0 |a multikulturalizmus 
610 2 0 |a rasizmus 
610 2 0 |a ideológia 
610 2 0 |a hodnota 
610 2 0 |a kultúra 
610 2 0 |a náboženstvo 
100 1 |a Šmihula, Daniel 
700 1 |a Hrabovský, Milan